[Event "Guelph Spring Pro Am"]
[Site "Guelph CAN"]
[Date "2008.04.19"]
[Round "3"]
[White "Orlova, Yelizaveta"]
[Black "Wang, Jesse BJ"]
[Result "1-0"]
[WhiteElo "1833"]
[BlackElo "1874"]
[PlyCount "65"]
[GameId "2160767910351068"]
[EventDate "2008.04.19"]
[EventType "swiss"]
[EventRounds "5"]
[EventCountry "CAN"]

1. d4 d5 2. Nf3 c5 3. c3 cxd4 4. cxd4 Nc6 5. g3 g6 6. Nc3 Bg7 7. Bg2 Nf6 8. O-O O-O 9. Ne5 Nxe5 10. dxe5 Ng4 11. Nxd5 Bxe5 12. h3 Nf6 13. Bh6 Re8 14. Qb3 Be6 15. e4 Nxd5 16. exd5 Bc8 17. Kh2 Qb6 18. Qa4 Bf5 19. Be4 Bxe4 20. Qxe4 Qd4 21. Qg2 Qxb2 22. Rab1 Qxa2 23. Rxb7 Rab8 24. Rfb1 Rxb7 25. Rxb7 Qa6 26. Rd7 Qa4 27. Rb7 Bf6 28. Qf3 Qa6 29. Rd7 Qa4 30. Rb7 Qa1 31. d6 exd6 32. Qd5 Be7 33. Rxe7 1-0

[Event "Guelph Spring Pro Am"]
[Site "Guelph CAN"]
[Date "2008.04.20"]
[Round "4"]
[White "Egorov, Mikhail"]
[Black "Stevens, Christian"]
[Result "1/2-1/2"]
[WhiteElo "2229"]
[BlackElo "2363"]
[PlyCount "73"]
[GameId "2160767910351070"]
[EventDate "2008.04.19"]
[EventType "swiss"]
[EventRounds "5"]
[EventCountry "CAN"]
[SourceTitle "EXT 2011"]
[Source "ChessBase"]
[SourceDate "2011.11.26"]
[SourceVersion "1"]
[SourceVersionDate "2011.11.26"]
[SourceQuality "1"]

1. e4 e5 2. Nf3 Nc6 3. Nc3 Nf6 4. d4 d6 5. dxe5 Nxe5 6. Nxe5 dxe5 7. Qxd8+ Kxd8 8. Bc4 Be6 9. Bxe6 fxe6 10. Bg5 Bd6 11. Nb5 h6 12. Bxf6+ gxf6 13. Nxd6 cxd6 14. Rd1 Ke7 15. c4 Rhc8 16. b3 b5 17. cxb5 Rc2 18. Rd2 Rc1+ 19. Rd1 Rac8 20. O-O Rxd1 21. Rxd1 Rc2 22. a4 Rb2 23. f3 Rxb3 24. Rc1 d5 25. Rc7+ Kd6 26. Rc6+ Ke7 27. Rc7+ Kd6 28. Rxa7 d4 29. Ra6+ Kc5 30. Rc6+ Kb4 31. b6 Kxa4 32. Rxe6 Kb5 33. Rxf6 Kc4 34. f4 d3 35. fxe5 d2 36. Rf1 Rxb6 37. Kf2 1/2-1/2

[Event "Guelph Spring Pro Am"]
[Site "Guelph CAN"]
[Date "2008.04.20"]
[Round "4"]
[White "Inigo, Aquino"]
[Black "Gusev, Nikita"]
[Result "1/2-1/2"]
[WhiteElo "2057"]
[BlackElo "2119"]
[PlyCount "83"]
[GameId "2160767910351071"]
[EventDate "2008.04.19"]
[EventType "swiss"]
[EventRounds "5"]
[EventCountry "CAN"]
[SourceTitle "EXT 2011"]
[Source "ChessBase"]
[SourceDate "2011.11.26"]
[SourceVersion "1"]
[SourceVersionDate "2011.11.26"]
[SourceQuality "1"]

1. Nf3 d5 2. b3 e6 3. Bb2 Nf6 4. e3 Be7 5. d4 a5 6. Bd3 a4 7. O-O a3 8. Bc1 O-O 9. c4 b6 10. Nc3 Bb7 11. cxd5 exd5 12. Ne5 Nbd7 13. f4 Ne4 14. Qc2 Ndf6 15. g4 Nxc3 16. Qxc3 c5 17. g5 cxd4 18. exd4 Ne4 19. Qe1 f6 20. Ng4 fxg5 21. f5 Bf6 22. Be3 Re8 23. Ne5 Bxe5 24. dxe5 Rxe5 25. Bd4 Re8 26. Bb5 Rf8 27. Qe3 Rf6 28. Bxf6 Qxf6 29. Rac1 d4 30. Qd3 Nc3 31. Rfe1 Rf8 32. Bc4+ Kh8 33. Re6 Qd8 34. b4 b5 35. Bb3 Bc8 36. Re5 Qd6 37. Rce1 Bd7 38. Bc2 Rf6 39. Rc5 h6 40. Rce5 Qxb4 41. Bb3 Bc6 42. Re7 1/2-1/2

[Event "Guelph Spring Pro Am"]
[Site "Guelph CAN"]
[Date "2008.04.20"]
[Round "4"]
[White "Lacau Rodean, Iulia"]
[Black "Assaripallam, Inigo Francis"]
[Result "1-0"]
[WhiteElo "2020"]
[BlackElo "2072"]
[PlyCount "147"]
[GameId "2160767910351072"]
[EventDate "2008.04.19"]
[EventType "swiss"]
[EventRounds "5"]
[EventCountry "CAN"]
[SourceTitle "EXT 2011"]
[Source "ChessBase"]
[SourceDate "2011.11.26"]
[SourceVersion "1"]
[SourceVersionDate "2011.11.26"]
[SourceQuality "1"]

1. e4 e6 2. Nf3 d5 3. e5 c5 4. g3 Nc6 5. Bg2 Nge7 6. O-O b6 7. d3 Bb7 8. Qe2 Qc7 9. a4 Ng6 10. Re1 Be7 11. h4 Bd8 12. c3 O-O 13. h5 Nge7 14. Bf4 Nf5 15. g4 Nh4 16. Nxh4 Bxh4 17. g5 Qe7 18. Qg4 Nxe5 19. Rxe5 f6 20. Qxe6+ Qxe6 21. Rxe6 Bxf2+ 22. Kxf2 fxg5 23. Re5 Rxf4+ 24. Kg3 Raf8 25. Rxg5 Rf2 26. Na3 Rd2 27. Bxd5+ Bxd5 28. Rxd5 Rdf2 29. Rg1 R8f3+ 30. Kg4 Rf4+ 31. Kh3 R4f3+ 32. Rg3 Rxg3+ 33. Kxg3 Rxb2 34. Nc4 Rb3 35. Ne5 Kf8 36. Rd7 Rxc3 37. Kf4 a6 38. Kf5 Rc1 39. Ke6 g5 40. hxg6 hxg6 41. Nxg6+ Kg8 42. Ra7 b5 43. Rxa6 b4 44. Rb6 Ra1 45. Rb5 Rxa4 46. Rxc5 Ra6+ 47. Kf5 Rb6 48. Rc1 b3 49. Rb1 Kf7 50. Ne5+ Ke7 51. Nc4 Rb5+ 52. Ke4 Ke6 53. Kd4 Rb8 54. Kc3 Rh8 55. Rxb3 Kd5 56. Rb5+ Kc6 57. Re5 Rh3 58. Re3 Rh4 59. d4 Rh1 60. Re6+ Kd7 61. Ra6 Rd1 62. Ne5+ Kc7 63. Kc4 Kb7 64. Rg6 Kc7 65. Kc5 Rd2 66. Rg7+ Kc8 67. d5 Rd1 68. Kd6 Rh1 69. Ke7 Re1 70. Ke6 Rh1 71. d6 Rh6+ 72. Ke7 Rh8 73. Rf7 Rd8 74. Rf8 1-0

[Event "Guelph Spring Pro Am"]
[Site "Guelph CAN"]
[Date "2008.04.20"]
[Round "4"]
[White "Orlov, Sergiy"]
[Black "Jung, Hans"]
[Result "1-0"]
[WhiteElo "2080"]
[BlackElo "2158"]
[PlyCount "93"]
[GameId "2160767910351073"]
[EventDate "2008.04.19"]
[EventType "swiss"]
[EventRounds "5"]
[EventCountry "CAN"]
[SourceTitle "EXT 2011"]
[Source "ChessBase"]
[SourceDate "2011.11.26"]
[SourceVersion "1"]
[SourceVersionDate "2011.11.26"]
[SourceQuality "1"]

1. Nf3 b6 2. d4 e6 3. Bf4 Bb7 4. Nbd2 f5 5. e3 Nf6 6. h3 Be7 7. Bd3 d6 8. c3 Ne4 9. Qc2 Nxd2 10. Qxd2 Nd7 11. Bc4 Nf8 12. O-O-O Qd7 13. d5 exd5 14. Bxd5 c6 15. Bb3 Rd8 16. Qc2 d5 17. Nd4 g6 18. Be5 Rg8 19. Rhg1 a6 20. Qe2 c5 21. Nf3 Qe6 22. g4 fxg4 23. hxg4 Nd7 24. Bc7 Rc8 25. Bf4 c4 26. Bc2 Nc5 27. Nd4 Qf7 28. Be5 Bf6 29. Bxf6 Qxf6 30. f4 Rc7 31. f5 Re7 32. g5 Qe5 33. f6 Qxe3+ 34. Qxe3 Rxe3 35. Rh1 h5 36. gxh6 Kf7 37. h7 Rh8 38. Rdg1 Ne4 39. Rh6 Kxf6 40. Rgxg6+ Kf7 41. Rxb6 Bc8 42. Nc6 Kg7 43. Ne5 Bf5 44. Rhc6 Re1+ 45. Bd1 Rc8 46. Rb7+ Kh8 47. Ng6+ 1-0

[Event "Guelph Spring Pro Am"]
[Site "Guelph CAN"]
[Date "2008.04.20"]
[Round "4"]
[White "Orlova, Yelizaveta"]
[Black "Knechtel, Tim"]
[Result "1-0"]
[WhiteElo "1833"]
[BlackElo "1779"]
[PlyCount "93"]
[GameId "2160767910351074"]
[EventDate "2008.04.19"]
[EventType "swiss"]
[EventRounds "5"]
[EventCountry "CAN"]
[SourceTitle "EXT 2011"]
[Source "ChessBase"]
[SourceDate "2011.11.26"]
[SourceVersion "1"]
[SourceVersionDate "2011.11.26"]
[SourceQuality "1"]

1. d4 d6 2. Nf3 g6 3. g3 Bg7 4. Bg2 Nd7 5. O-O h6 6. c3 e6 7. Nbd2 Ne7 8. e4 O-O 9. Re1 e5 10. Nf1 Kh7 11. g4 f5 12. gxf5 gxf5 13. exf5 Nxf5 14. Qc2 Kh8 15. Ng3 Nxg3 16. hxg3 exd4 17. Nh4 d3 18. Ng6+ Kg8 19. Bd5+ Kh7 20. Nxf8+ Nxf8 21. Qxd3+ Kh8 22. Qf3 c6 23. Bf7 Bd7 24. Qh5 Qf6 25. Bf4 Rd8 26. Rad1 Bg4 27. Qxg4 Qxf7 28. Rxd6 Rxd6 29. Bxd6 Qg6 30. Qxg6 Nxg6 31. Re8+ Kh7 32. Rb8 b5 33. Ra8 a5 34. Rxa5 h5 35. Ra6 c5 36. Rb6 b4 37. cxb4 c4 38. Rc6 Bxb2 39. Rxc4 Be5 40. Bxe5 Nxe5 41. Rc5 Nf3+ 42. Kg2 Ne1+ 43. Kf1 Nd3 44. Rxh5+ Kg6 45. Rb5 Nb2 46. Rb6+ Kf5 47. b5 1-0

[Event "Guelph Spring Pro Am"]
[Site "Guelph CAN"]
[Date "2008.04.20"]
[Round "4"]
[White "Plaxton, David"]
[Black "Plotkin, Victor"]
[Result "1/2-1/2"]
[WhiteElo "2017"]
[BlackElo "2325"]
[PlyCount "72"]
[GameId "2160767910351075"]
[EventDate "2008.04.19"]
[EventType "swiss"]
[EventRounds "5"]
[EventCountry "CAN"]
[SourceTitle "EXT 2011"]
[Source "ChessBase"]
[SourceDate "2011.11.26"]
[SourceVersion "1"]
[SourceVersionDate "2011.11.26"]
[SourceQuality "1"]

1. d4 d5 2. c4 dxc4 3. Qa4+ c6 4. Qxc4 Nf6 5. Nf3 Bf5 6. Nc3 g6 7. Ng5 Be6 8. Nxe6 fxe6 9. Qxe6 Na6 10. e3 Nc7 11. Qb3 b5 12. Be2 e6 13. Bf3 Qd7 14. O-O Bg7 15. Rd1 O-O 16. e4 Qf7 17. Be3 a5 18. Rd2 h6 19. a4 g5 20. h3 Rfb8 21. axb5 cxb5 22. d5 exd5 23. exd5 Ra6 24. Qd1 Qd7 25. d6 Nce8 26. Ne4 Nxe4 27. Bxe4 Rxd6 28. Bd5+ Kh8 29. Bc5 Ra6 30. Ba2 Qc7 31. Qb3 Nf6 32. Rad1 a4 33. Qb4 Rc8 34. Bd4 Rf8 35. Bxf6 Bxf6 36. Rd7 Bg7 1/2-1/2

[Event "Guelph Spring Pro Am"]
[Site "Guelph CAN"]
[Date "2008.04.20"]
[Round "4"]
[White "Sapozhnikov, Roman"]
[Black "Drkulec, Vladimir"]
[Result "1-0"]
[WhiteElo "2120"]
[BlackElo "2007"]
[PlyCount "75"]
[GameId "2160767910351077"]
[EventDate "2008.04.19"]
[EventType "swiss"]
[EventRounds "5"]
[EventCountry "CAN"]
[SourceTitle "EXT 2011"]
[Source "ChessBase"]
[SourceDate "2011.11.26"]
[SourceVersion "1"]
[SourceVersionDate "2011.11.26"]
[SourceQuality "1"]

1. e4 e5 2. Nf3 Nc6 3. Bb5 a6 4. Ba4 b5 5. Bb3 Nf6 6. O-O Be7 7. c3 d6 8. h3 O-O 9. Re1 Bb7 10. d4 Re8 11. Ng5 Rf8 12. Nf3 Re8 13. Nbd2 Bf8 14. d5 Ne7 15. a4 c6 16. dxc6 Bxc6 17. Nf1 h6 18. Ng3 Ng6 19. Bd5 Nxd5 20. exd5 Bd7 21. a5 Qc7 22. Be3 Qb7 23. b3 Be7 24. c4 Rac8 25. Rc1 f5 26. Bb6 bxc4 27. bxc4 Bf6 28. Nh5 Bd8 29. Rb1 Qa8 30. Bxd8 Rexd8 31. Rb6 Be8 32. Ng3 Ne7 33. Nd4 Bg6 34. Ne6 Rd7 35. Qa4 Qa7 36. Rxa6 Qb7 37. Rb6 Qa8 38. Qxd7 1-0

[Event "Guelph Spring Pro Am"]
[Site "Guelph CAN"]
[Date "2008.04.20"]
[Round "5"]
[White "Friedman, Alexander"]
[Black "Orlova, Yelizaveta"]
[Result "1-0"]
[WhiteElo "1981"]
[BlackElo "1833"]
[PlyCount "47"]
[GameId "2160767910351079"]
[EventDate "2008.04.19"]
[EventType "swiss"]
[EventRounds "5"]
[EventCountry "CAN"]
[SourceTitle "EXT 2011"]
[Source "ChessBase"]
[SourceDate "2011.11.26"]
[SourceVersion "1"]
[SourceVersionDate "2011.11.26"]
[SourceQuality "1"]

1. e4 c5 2. Nc3 a6 3. g3 b5 4. Bg2 Bb7 5. d3 e6 6. Nge2 Be7 7. O-O d6 8. d4 Nd7 9. Be3 Qc7 10. a4 b4 11. Nb1 a5 12. Nd2 Ngf6 13. f3 Ba6 14. Re1 Rc8 15. dxc5 dxc5 16. c4 Ne5 17. b3 Nd3 18. Rf1 Rd8 19. h3 O-O 20. f4 Ne8 21. Qc2 Rd7 22. Rad1 Qd8 23. Nb1 f6 24. Rd2 1-0

[Event "Guelph Spring Pro Am"]
[Site "Guelph CAN"]
[Date "2008.04.20"]
[Round "5"]
[White "Jung, Hans"]
[Black "Drkulec, Vladimir"]
[Result "1-0"]
[WhiteElo "2158"]
[BlackElo "2007"]
[PlyCount "81"]
[GameId "2160767910351080"]
[EventDate "2008.04.19"]
[EventType "swiss"]
[EventRounds "5"]
[EventCountry "CAN"]
[SourceTitle "EXT 2011"]
[Source "ChessBase"]
[SourceDate "2011.11.26"]
[SourceVersion "1"]
[SourceVersionDate "2011.11.26"]
[SourceQuality "1"]

1. e4 c5 2. Nf3 e6 3. d3 Nc6 4. g3 b6 5. Bg2 Bb7 6. O-O d6 7. Re1 Be7 8. Nc3 a6 9. a4 Bf6 10. h4 Nge7 11. Nh2 h5 12. Nf3 g6 13. Ng5 O-O 14. g4 hxg4 15. Qxg4 Nd4 16. e5 Bxg5 17. Bxb7 Bxc1 18. Raxc1 Ra7 19. Bg2 d5 20. Re3 Nef5 21. Rh3 Nh6 22. Qf4 Kh7 23. Kf1 f6 24. Nd1 Raf7 25. c3 Nc6 26. exf6 Rxf6 27. Qg3 Ne7 28. Rc2 Nef5 29. Qh2 Ng4 30. Qh1 R8f7 31. Qg1 Ngh6 32. Re2 Qd6 33. Bf3 Qf4 34. Qg5 Qxa4 35. Ke1 Ng7 36. h5 gxh5 37. Bxh5 Nxh5 38. Qxh5 Qf4 39. Ree3 Rg7 40. Ref3 Rg1+ 41. Ke2 1-0

[Event "Guelph Spring Pro Am"]
[Site "Guelph CAN"]
[Date "2008.04.20"]
[Round "5"]
[White "Martchenko, Alexander"]
[Black "Egorov, Mikhail"]
[Result "1-0"]
[WhiteElo "2178"]
[BlackElo "2229"]
[PlyCount "73"]
[GameId "2160767910351082"]
[EventDate "2008.04.19"]
[EventType "swiss"]
[EventRounds "5"]
[EventCountry "CAN"]
[SourceTitle "EXT 2011"]
[Source "ChessBase"]
[SourceDate "2011.11.26"]
[SourceVersion "1"]
[SourceVersionDate "2011.11.26"]
[SourceQuality "1"]

1. e4 e6 2. d4 d5 3. Nc3 Nc6 4. Nf3 Nf6 5. Bg5 Be7 6. e5 Ne4 7. Bxe7 Qxe7 8. a3 O-O 9. Bd3 Ng5 10. Nxg5 Qxg5 11. Ne2 Qxg2 12. Rg1 Qxh2 13. Qd2 Nxd4 14. Bxh7+ Qxh7 15. Qxd4 Qxc2 16. Rc1 Qe4 17. Qxe4 dxe4 18. Rxc7 Rd8 19. Nf4 Rd7 20. Rc3 Kf8 21. Nh5 Rd5 22. Rxg7 Rxe5 23. Rh7 Ke7 24. Nf4 Rf5 25. Ng6+ Kd6 26. Nh8 b6 27. Nxf7+ Kd5 28. Rc7 Ba6 29. Rd7+ Kc5 30. b4+ Kc6 31. Nd8+ Kb5 32. Nxe6 Kc4 33. Rd4+ Kc3 34. Rxe4 Rc8 35. Rxa7 Bd3 36. Re3 Rh5 37. Rxd3+ 1-0

[Event "Guelph Spring Pro Am"]
[Site "Guelph CAN"]
[Date "2008.04.20"]
[Round "5"]
[White "McArthur, Ricky"]
[Black "MacLean, John"]
[Result "0-1"]
[WhiteElo "1140"]
[BlackElo "1281"]
[PlyCount "44"]
[GameId "2160767910351083"]
[EventDate "2008.04.19"]
[EventType "swiss"]
[EventRounds "5"]
[EventCountry "CAN"]
[SourceTitle "EXT 2011"]
[Source "ChessBase"]
[SourceDate "2011.11.26"]
[SourceVersion "1"]
[SourceVersionDate "2011.11.26"]
[SourceQuality "1"]

1. d4 Nf6 2. c4 g6 3. Nc3 Bg7 4. e4 d6 5. Nf3 O-O 6. Bd3 Bg4 7. Be3 e5 8. d5 c5 9. O-O a6 10. a4 Nbd7 11. Bg5 Qe8 12. Bxf6 Nxf6 13. h3 Bd7 14. Rb1 Nh5 15. b3 Nf4 16. Rb2 Qc8 17. Qc2 Bxh3 18. gxh3 Qxh3 19. Nh4 Qg4+ 20. Kh2 Qxh4+ 21. Kg1 Qg4+ 22. Kh2 Qg2# 0-1

[Event "Guelph Spring Pro Am"]
[Site "Guelph CAN"]
[Date "2008.04.20"]
[Round "5"]
[White "Orlov, Sergiy"]
[Black "Lacau Rodean, Iulia"]
[Result "1/2-1/2"]
[WhiteElo "2080"]
[BlackElo "2020"]
[PlyCount "141"]
[GameId "2160767910351084"]
[EventDate "2008.04.19"]
[EventType "swiss"]
[EventRounds "5"]
[EventCountry "CAN"]
[SourceTitle "EXT 2011"]
[Source "ChessBase"]
[SourceDate "2011.11.26"]
[SourceVersion "1"]
[SourceVersionDate "2011.11.26"]
[SourceQuality "1"]

1. Nf3 Nf6 2. d4 g6 3. b3 Bg7 4. Bb2 O-O 5. e3 d6 6. Be2 Nbd7 7. O-O e6 8. c4 Qe7 9. Nc3 a6 10. Qc2 e5 11. dxe5 Nxe5 12. Nd5 Nxd5 13. cxd5 Bf5 14. Qd2 Be4 15. Nxe5 Bxe5 16. Bxe5 Qxe5 17. Rfd1 Rae8 18. Rac1 Re7 19. f3 Bxd5 20. e4 Bc6 21. Bxa6 f5 22. Bc4+ Kg7 23. Bd5 fxe4 24. fxe4 Rf4 25. g3 Rf6 26. Qd4 Qxd4+ 27. Rxd4 Bb5 28. a4 Ba6 29. b4 c6 30. Bb3 Rf3 31. Bc4 Bxc4 32. Rcxc4 Ra3 33. a5 Re6 34. Rc2 Kf7 35. Kf2 Rf6+ 36. Ke2 Ke6 37. Rb2 Ke5 38. Rc4 Rff3 39. b5 Rfe3+ 40. Kd2 Rxe4 41. Rxe4+ Kxe4 42. a6 b6 43. bxc6 Rxa6 44. c7 Ra8 45. Rxb6 Rc8 46. Rxd6 Rxc7 47. Ra6 Kf3 48. Ra3+ Kg2 49. h4 Rf7 50. g4 Rf4 51. Ra7 h5 52. gxh5 gxh5 53. Ke3 Rxh4 54. Rf7 Rg4 55. Rf2+ Kg1 56. Kf3 Rg8 57. Ra2 h4 58. Ra1+ Kh2 59. Ra4 h3 60. Ra2+ Kh1 61. Ra1+ Rg1 62. Ra2 Rg2 63. Ra1+ Kh2 64. Rb1 Ra2 65. Rb3 Rg2 66. Rb1 Rg3+ 67. Kf2 Rg8 68. Kf3 Rf8+ 69. Kg4 Rf2 70. Rb3 Rg2+ 71. Kh4 1/2-1/2

[Event "Guelph Spring Pro Am"]
[Site "Guelph CAN"]
[Date "2008.04.20"]
[Round "5"]
[White "Plotkin, Victor"]
[Black "Gusev, Nikita"]
[Result "0-1"]
[WhiteElo "2325"]
[BlackElo "2119"]
[PlyCount "88"]
[GameId "2160767910351085"]
[EventDate "2008.04.19"]
[EventType "swiss"]
[EventRounds "5"]
[EventCountry "CAN"]
[SourceTitle "EXT 2011"]
[Source "ChessBase"]
[SourceDate "2011.11.26"]
[SourceVersion "1"]
[SourceVersionDate "2011.11.26"]
[SourceQuality "1"]

1. e4 c5 2. Nc3 Nc6 3. g3 g6 4. Bg2 Bg7 5. d3 e6 6. f4 Nge7 7. Nf3 d6 8. O-O O-O 9. Be3 Rb8 10. a4 Nd4 11. Qd2 Nec6 12. Qf2 a6 13. Nd1 b6 14. c3 Nxf3+ 15. Bxf3 Bb7 16. d4 Qc7 17. g4 f5 18. e5 cxd4 19. cxd4 d5 20. gxf5 gxf5 21. Kh1 Kh8 22. Rg1 Na5 23. Qh4 Bc6 24. Nf2 Qd8 25. Rg5 Nc4 26. Bc1 b5 27. axb5 axb5 28. Nd3 Ra8 29. Rxa8 Qxa8 30. b3 Qa1 31. bxc4 bxc4 32. Nc5 Qxc1+ 33. Rg1 Qe3 34. Qg3 Bh6 35. Nxe6 Re8 36. Bh5 Qxg3 37. Rxg3 Rxe6 38. Bf7 Re8 39. Bxe8 Bxe8 40. Kg2 Bxf4 41. Rf3 Bd2 42. Rxf5 Bg6 43. Rf8+ Kg7 44. Rc8 c3 0-1

[Event "Guelph Spring Pro Am"]
[Site "Guelph CAN"]
[Date "2008.04.20"]
[Round "5"]
[White "Sapozhnikov, Roman"]
[Black "Plaxton, David"]
[Result "1-0"]
[WhiteElo "2120"]
[BlackElo "2017"]
[PlyCount "133"]
[GameId "2160767910351087"]
[EventDate "2008.04.19"]
[EventType "swiss"]
[EventRounds "5"]
[EventCountry "CAN"]
[SourceTitle "EXT 2011"]
[Source "ChessBase"]
[SourceDate "2011.11.26"]
[SourceVersion "1"]
[SourceVersionDate "2011.11.26"]
[SourceQuality "1"]

1. e4 e5 2. Nf3 Nc6 3. Bb5 a6 4. Ba4 Nf6 5. O-O b5 6. Bb3 Bc5 7. d3 h6 8. a4 Bb7 9. c3 d6 10. Na3 O-O 11. Nc2 Na5 12. Ba2 bxa4 13. Ne3 Nb3 14. Bxb3 axb3 15. Qxb3 Rb8 16. Qc4 Bb6 17. Nd5 Nxd5 18. exd5 f5 19. Be3 Bxe3 20. fxe3 f4 21. e4 g5 22. h3 h5 23. h4 gxh4 24. Kf2 Bc8 25. b4 Qe7 26. Ke2 Qg7 27. Rf2 Bg4 28. Raf1 Bxf3+ 29. gxf3 Rf7 30. Rh1 Qg3 31. Qa2 Rg7 32. Qb1 a5 33. b5 h3 34. c4 Rf8 35. Qf1 Qg2 36. Rxh3 Qxf1+ 37. Kxf1 Rg3 38. Rxh5 Rf7 39. Rg2 Rfg7 40. Rxg3 fxg3 41. Kg2 Kf7 42. Rh1 Rg8 43. Ra1 Ra8 44. Kxg3 a4 45. Ra3 Ke7 46. Kf2 Kd8 47. Ke3 Kc8 48. f4 exf4+ 49. Kxf4 Kb7 50. d4 Kb6 51. Ke3 Ka5 52. Ra1 Kb4 53. Kd3 Kb3 54. Rb1+ Ka2 55. Rh1 Rg8 56. c5 Rg3+ 57. Kc4 Rb3 58. e5 dxe5 59. dxe5 a3 60. d6 cxd6 61. exd6 Rb1 62. Rxb1 Kxb1 63. d7 a2 64. d8=Q a1=Q 65. Qd1+ Kb2 66. Qxa1+ Kxa1 67. b6 1-0

[Event "Guelph Spring Pro Am"]
[Site "Guelph CAN"]
[Date "2008.04.20"]
[Round "5"]
[White "Stevens, Christian"]
[Black "Knox, Christopher"]
[Result "1-0"]
[WhiteElo "2363"]
[BlackElo "2075"]
[PlyCount "119"]
[GameId "2160767910351088"]
[EventDate "2008.04.19"]
[EventType "swiss"]
[EventRounds "5"]
[EventCountry "CAN"]
[SourceTitle "EXT 2011"]
[Source "ChessBase"]
[SourceDate "2011.11.26"]
[SourceVersion "1"]
[SourceVersionDate "2011.11.26"]
[SourceQuality "1"]

1. e4 c5 2. Nf3 Nc6 3. Bb5 d6 4. Bxc6+ bxc6 5. O-O e5 6. c3 Bg4 7. d4 cxd4 8. cxd4 Bxf3 9. gxf3 exd4 10. Qxd4 Qb6 11. Be3 Qxd4 12. Bxd4 Ne7 13. Nc3 Ng6 14. Kh1 Nf4 15. Rfd1 Ne6 16. Be3 g5 17. Ne2 Be7 18. Rac1 Kd7 19. Ng3 Rhd8 20. Nf5 Rab8 21. Rd2 a6 22. Nxe7 Kxe7 23. Rxc6 Ra8 24. Rd5 h6 25. Ra5 Rdc8 26. Rxc8 Rxc8 27. Rxa6 Rc2 28. Rb6 Re2 29. a4 Re1+ 30. Kg2 Ra1 31. b3 Ra3 32. Rb5 Nd8 33. a5 Nc6 34. Rb7+ Ke6 35. b4 Ra4 36. b5 Nb4 37. a6 Nxa6 38. Ra7 Nc5 39. Bxc5 Rc4 40. Be3 f5 41. exf5+ Kxf5 42. b6 Rb4 43. Rd7 Ke5 44. b7 d5 45. Ba7 d4 46. b8=Q+ Rxb8 47. Bxb8+ Ke6 48. Rxd4 Kf5 49. Rd5+ Kg6 50. Kg3 Kh5 51. f4 Kg6 52. fxg5 hxg5 53. Kg4 Kh6 54. Rxg5 Kh7 55. f4 Kh8 56. f5 Kh7 57. f6 Kh6 58. f7 Kh7 59. f8=N+ Kh8 60. Be5# 1-0

[Event "Guelph Winter Pro Am"]
[Site "Guelph CAN"]
[Date "2008.??.??"]
[Round "1"]
[White "Sherman, Joshua"]
[Black "Inigo, Francis"]
[Result "1-0"]
[WhiteElo "1850"]
[BlackElo "2092"]
[PlyCount "51"]
[GameId "2160767910442313"]
[EventDate "2008.02.02"]
[EventType "swiss"]
[EventRounds "5"]
[EventCountry "CAN"]
[SourceTitle "EXT 2011"]
[Source "ChessBase"]
[SourceDate "2011.11.26"]
[SourceVersion "1"]
[SourceVersionDate "2011.11.26"]
[SourceQuality "1"]

1. e4 e6 2. d4 d5 3. c4 dxe4 4. Nc3 f5 5. f3 exf3 6. Nxf3 Nf6 7. Be2 Be7 8. O-O O-O 9. Qb3 c5 10. d5 b6 11. Rd1 exd5 12. cxd5 Bd6 13. Ng5 Qe7 14. Bf4 Kh8 15. Bxd6 Qxd6 16. Nb5 Qe5 17. Bf3 Ne4 18. d6 c4 19. Qxc4 Ba6 20. Nf7+ Rxf7 21. Qxf7 Nc6 22. d7 Qc5+ 23. Nd4 Rf8 24. Qxf8+ Qxf8 25. Nxc6 Qc5+ 26. Rd4 1-0

[Event "Guelph Winter Pro Am"]
[Site "Guelph CAN"]
[Date "2008.02.02"]
[Round "2"]
[White "Arandia, Henry"]
[Black "Evans, Bill"]
[Result "0-1"]
[WhiteElo "2311"]
[BlackElo "2077"]
[PlyCount "68"]
[GameId "2160767910442314"]
[EventDate "2008.02.02"]
[EventType "swiss"]
[EventRounds "5"]
[EventCountry "CAN"]
[SourceTitle "EXT 2011"]
[Source "ChessBase"]
[SourceDate "2011.11.26"]
[SourceVersion "1"]
[SourceVersionDate "2011.11.26"]
[SourceQuality "1"]

1. d4 Nf6 2. Nc3 g6 3. Bg5 Bg7 4. e4 d6 5. Qd2 c6 6. f3 b5 7. Bd3 Nbd7 8. Nge2 a6 9. Bh6 Bxh6 10. Qxh6 c5 11. dxc5 Nxc5 12. O-O-O b4 13. Nd5 Nxd5 14. exd5 Nxd3+ 15. Rxd3 Qa5 16. Kb1 Bf5 17. Rd2 Rc8 18. g4 Bxc2+ 19. Rxc2 Rxc2 20. Kxc2 Kd7 21. Kb1 Qxd5 22. Qe3 Rc8 23. Qa7+ Rc7 24. Qxa6 Qxf3 25. Rc1 Qe4+ 26. Ka1 Rxc1+ 27. Nxc1 Qc2 28. Qf1 f5 29. g5 e5 30. h4 f4 31. Qb5+ Ke6 32. Qf1 f3 33. Qh3+ Ke7 34. Qf1 e4 0-1

[Event "Guelph Winter Pro Am"]
[Site "Guelph CAN"]
[Date "2008.02.02"]
[Round "2"]
[White "Bailey, Doug"]
[Black "Yuan, Yuanling"]
[Result "1-0"]
[WhiteElo "2311"]
[BlackElo "2191"]
[PlyCount "54"]
[GameId "2160767910442315"]
[EventDate "2008.02.02"]
[EventType "swiss"]
[EventRounds "5"]
[EventCountry "CAN"]
[SourceTitle "EXT 2011"]
[Source "ChessBase"]
[SourceDate "2011.11.26"]
[SourceVersion "1"]
[SourceVersionDate "2011.11.26"]
[SourceQuality "1"]

1. e4 c5 2. Nf3 d6 3. d4 cxd4 4. Nxd4 Nf6 5. Nc3 g6 6. Bg5 Bg7 7. Bd3 O-O 8. Qd2 Re8 9. O-O-O Nc6 10. Nde2 a6 11. h4 h5 12. f3 Ne5 13. Bf4 Nxd3+ 14. Qxd3 Qa5 15. Kb1 b5 16. Nd4 b4 17. Nce2 Qc7 18. Bg5 Bd7 19. Nf4 Nh7 20. Nd5 Qd8 21. Be3 e6 22. Nxb4 a5 23. Ndc6 Qf6 24. e5 dxe5 25. Qxd7 axb4 26. Qb7 Bf8 27. g4 Qxf3 1-0

[Event "Guelph Winter Pro Am"]
[Site "Guelph CAN"]
[Date "2008.02.02"]
[Round "2"]
[White "Drkulec, Vladimir"]
[Black "Henry, Liam"]
[Result "0-1"]
[WhiteElo "2182"]
[BlackElo "2292"]
[PlyCount "74"]
[GameId "2160767910442317"]
[EventDate "2008.02.02"]
[EventType "swiss"]
[EventRounds "5"]
[EventCountry "CAN"]
[SourceTitle "EXT 2011"]
[Source "ChessBase"]
[SourceDate "2011.11.26"]
[SourceVersion "1"]
[SourceVersionDate "2011.11.26"]
[SourceQuality "1"]

1. d4 Nf6 2. c4 g6 3. Nc3 d5 4. cxd5 Nxd5 5. e4 Nxc3 6. bxc3 Bg7 7. Bc4 O-O 8. Ne2 Nc6 9. O-O b6 10. Be3 Bb7 11. f4 Na5 12. Bd3 e6 13. Rc1 f5 14. Ng3 Rc8 15. Rf2 Qd7 16. Rd2 h5 17. e5 h4 18. Nh1 h3 19. g4 c5 20. dxc5 Qc6 21. Ng3 Rcd8 22. Bf1 Rxd2 23. Qxd2 fxg4 24. cxb6 axb6 25. Qd4 Kh7 26. c4 Qf3 27. Rc2 Rd8 28. Qxb6 Rd1 29. Bc1 Rxf1+ 30. Nxf1 Qh1+ 31. Kf2 Qg2+ 32. Ke1 Qxc2 33. Bd2 Bf3 34. Ne3 Nxc4 35. Nxc2 Nxb6 36. Ne3 g3 37. Nf1 g2 0-1